Países de origen de los turistas en España - Estadísticas

Estadísticas generales
  • Esta prueba ha sido intentada 66 veces
  • La puntuación promedio es 12 de 15
Estadísticas de respuestas
Hint Respuesta % Correcto
5,5 M Italia
98%
4,2 M Estados Unidos de América
97%
12,9 M Francia
97%
18,3 M Reino Unido
97%
11,9 M Alemania
95%
649 mil China
88%
665 mil Argentina
85%
2,9 M Portugal
85%
1 M México
83%
643 mil Canadá
82%
603 mil Brasil
80%
2,7 M Irlanda
78%
3 M Bélgica
70%
2,1 M Suiza
70%
612 mil Turquía
43%
No se encontraron pruebas coincidentes
Distribución de puntuación
Porcentaje de gente con cada puntuación
Porcentaje por número respondido
Historial de tus puntuaciones
No has intentado esta prueba.